|
|
|
|
| LEADER |
00000cam a2200000 a 4500 |
| 001 |
vtls009091239 |
| 003 |
SK-MaSNL |
| 005 |
20260301023424.0 |
| 008 |
251124s2007 xr a g f 011 0 cze |
| 020 |
|
|
|a 9788086995014
|q (brož.)
|
| 040 |
|
|
|a SNK
|b slo
|c SNK
|e AACR2
|
| 041 |
1 |
|
|a cze
|h eng
|
| 044 |
|
|
|a xr
|c CZ
|
| 072 |
|
7 |
|a 575
|x Všeobecná genetika. Všeobecná cytogenetika. Evolúcia
|2 konspekt
|
| 080 |
|
|
|a 575.858
|2 2001
|
| 080 |
|
|
|a 575.8
|2 2001
|
| 080 |
|
|
|a (0.062)
|2 2001
|
| 100 |
1 |
|
|a Wells, Jonathan
|4 aut
|9 315740
|
| 240 |
1 |
0 |
|a Darwinism and intelligent design
|l Česky
|
| 245 |
1 |
0 |
|a Darwinismus a inteligentní plán
|c Jonathan Wells ; [překlad Dana Šimonová]
|
| 250 |
|
|
|a Vyd. 1.
|
| 260 |
|
|
|a Praha
|b Ideál
|c 2007
|
| 300 |
|
|
|a 252 s.
|b ilustr.
|c 23 cm
|
| 490 |
1 |
|
|a Politicky nekorektní průvodce
|v sv. 1
|
| 500 |
|
|
|a Prel. z angl.
|
| 504 |
|
|
|a Obsahuje bibliogr., bibliogr. odkazy
|
| 650 |
0 |
7 |
|a darwinizmus
|2 SNKPH
|9 28532
|
| 650 |
0 |
7 |
|a evolúcia (biológia)
|2 SNKPH
|9 4347
|
| 650 |
0 |
7 |
|a Darwinism
|2 SNKPHeng
|9 287230
|
| 650 |
0 |
7 |
|a Evolution (biology)
|2 SNKPHeng
|9 299901
|
| 655 |
|
7 |
|a populárno-náučné publikácie
|2 SNKPH
|9 70460
|
| 655 |
|
7 |
|a Popular works
|2 SNKPHeng
|9 90287
|
| 700 |
1 |
|
|a Šimonová, Dana
|4 trl
|9 315741
|
| 830 |
|
0 |
|a Politicky nekorektní průvodce
|9 315742
|
| 919 |
|
|
|a 978-80-86995-01-4
|
| 999 |
|
|
|c 569151
|d 571081
|
| 952 |
|
|
|t snkWEL 575.8
|a SNKUST
|b SNKUST
|y PREZ
|7 0
|p 17A0576496
|o snkIC 136171
|i snk2008/1890
|8 4
|g 12.68
|0 0
|1 0
|4 0
|d 2008-01-16
|l 0
|r 2025-03-19 00:00:00
|w 2026-02-23
|